000 01192nam a2200337 i 4500
001 000041444
003 DO-SdBNP
005 20250509170321.0
006 a||||fr|||| 00| 0
007 ta
008 091009e1983 dr ad 000 0 spa d
040 _aDO-SdBNP
_bspa
_cBNPHU
_erda
082 4 _bM826i
_222
100 1 _aMoquete de la Rosa, Jacobo
_91678
245 1 0 _aIntroducción a la educación :
_bpedagogía general /
_cJacobo Moquete; prólogo, Ana Dolores Guzmán de Camacho.
250 _a7ma. edición corregida y ampliada
264 1 _aSanto Domingo :
_bAlfa y Omega,
_c1983
300 _a360 páginas ;
_bIlustraciones, gráfica
_c21 cm.
336 _2rdacontent
_atexto
_btxt
337 _2rdamedia
_asin medición
_bn
338 _2rdacarrier
_avolumen
_bnc
500 _aIncluye datos biográficos del autor en la contracubierta
500 _aIncluye bibliogafía y notas al pie de las páginas
504 _aBibliografía páginas 357-360
590 _aInventariado 2023 / MF
650 0 _aEducación
_951588
650 0 _aPedagogía
_9693
650 0 _aEducación
_xFilosofía
_93186
700 1 _aGuzmán de Camacho, Ana Dolores
_912351
_eprólogo
942 _2ddc
_cLBS1
999 _c40934
_d40934